Memoria resumen de los trabajos realizados por el servicio agronómico nacional para la extinción de las plagas presentadas en la provincia en 1913 / (Record no. 102151)

MARC details
000 -LEADER
campo de control de longitud fija 00594nam a2200145 i 4500
001 - NÚMERO DE CONTROL
campo de control 102151
003 - IDENTIFICADOR DE NÚMERO DE CONTROL
campo de control ES-MaACL
007 - CAMPO FIJO DE DESCRIPCIÓN FÍSICA--INFORMACIÓN GENERAL
campo de control de longitud fija t|
008 - DATOS DE LONGITUD FIJA--INFORMACIÓN GENERAL
campo de control de longitud fija 051104s1914 sp ||||1| spa d
110 2# - ENTRADA PRINCIPAL--NOMBRE DE ENTIDAD CORPORATIVA
Nombre de entidad corporativa o nombre de jurisdicción como elemento de entrada Consejo Provincial de Fomento (Barcelona)
9 (RLIN) 3227
245 10 - MENCIÓN DEL TÍTULO
Título Memoria resumen de los trabajos realizados por el servicio agronómico nacional para la extinción de las plagas presentadas en la provincia en 1913 /
Mención de responsabilidad, etc. Consejo Provincial de Fomento de Barcelona. Sección de plagas del campo.
260 ## - PUBLICACIÓN, DISTRIBUCIÓN, ETC.
Lugar de publicación, distribución, etc. Barcelona :
Nombre del editor, distribuidor, etc. [s.n.],
Fecha de publicación, distribución, etc. 1914 (
Fabricante Oliva)
300 ## - DESCRIPCIÓN FÍSICA
Extensión 255 p. ;
Dimensiones 25 cm.
852 ## - LOCALIZACIÓN
Ubicación ES-MaACL
Número de control de estantería B-4974
Holdings
Estatus retirado Estado de pérdida Estado de daño No para préstamo Biblioteca de origen Biblioteca actual Ubicación en estantería Fecha de adquisición Fuente de adquisición Total de préstamos Signatura topográfica completa Código de barras Visto por última vez Precio de reemplazo Tipo de ítem Koha
        Biblioteca del Ateneo de Madrid Biblioteca del Ateneo de Madrid Sala Pardo Bazán 17/01/2008     B-4974 1106637 23/02/2023 23/02/2023 Libro impreso